Personnages overwatch #3 (HEAL) - Statistiques

Statistiques générales
  • Ce quiz a été pris 108 fois
  • Le résultat moyen est 9 sur 10
Statistiques - réponses
Par images Réponse % Correct
Lucio
99%
Ana
98%
Ange
98%
Zenyatta
96%
Brigitte
94%
Baptiste
93%
Moira
91%
Kiriko
79%
Vital
73%
Illari
69%
Aucun quiz correspondant
Distribution des résultats
% des personnes avec chaque résultat
Percentile par nombre de réponses
Votre historique - résultats
Vous n’avez pas pris ce quiz